[Event "Mittelfrank Regionalliga Nord-Ost 2223"]
[Site "Mittelfranken"]
[Date "2023.04.23"]
[Round "9.7"]
[White "Braun, Robert"]
[Black "Gewondow, Narek"]
[Result "1/2-1/2"]
[WhiteElo "1919"]
[BlackElo "1853"]
[PlyCount "49"]
[EventDate "2022.10.09"]
[EventType "team-tourn"]
[EventRounds "9"]
[EventCountry "GER"]
[SourceTitle "EXT 2024"]
[Source "ChessBase"]
[SourceDate "2023.10.10"]
[SourceVersion "1"]
[SourceVersionDate "2023.10.10"]
[SourceQuality "1"]
[WhiteTeam "Buechenbach/Roth"]
[BlackTeam "Fuerth SG"]
[WhiteTeamCountry "GER"]
[BlackTeamCountry "GER"]

1. e4 c6 2. d4 d5 3. e5 Bf5 4. Nf3 e6 5. Be2 Ne7 6. Nc3 Ng6 7. 0-0 f6 8. Re1 Nd7 9. exf6 Qxf6 10. Bg5 Qf7 11. Bh4 h6 12. Bd3 Bd6 13. Bg3 Bxg3 14. hxg3 0-0 15. Bxf5 Qxf5 16. Qe2 Rae8 17. Nd1 e5 18. Ne3 Qf7 19. c3 Nf6 20. Nd2 exd4 21. cxd4 Ne4 22. Nxe4 Rxe4 23. Rad1 Qf6 24. Qd2 Rfe8 25. Nc2 1/2-1/2

[Event "Mittelfrank Regionalliga Nord-Ost 2122"]
[Site "Mittelfranken"]
[Date "2022.05.15"]
[Round "5.8"]
[White "Gewondow, Narek"]
[Black "Dajakaj, Kastriot"]
[Result "1/2-1/2"]
[WhiteElo "1759"]
[BlackElo "1684"]
[PlyCount "92"]
[EventDate "2021.10.24"]
[EventType "team-tourn"]
[EventRounds "9"]
[EventCountry "GER"]
[SourceTitle "EXT 2024"]
[Source "ChessBase"]
[SourceDate "2023.10.10"]
[SourceVersion "1"]
[SourceVersionDate "2023.10.10"]
[SourceQuality "1"]
[WhiteTeam "Fuerth SG"]
[BlackTeam "Buechenbach/Roth"]
[WhiteTeamCountry "GER"]
[BlackTeamCountry "GER"]

1. e4 e5 2. Nf3 Nc6 3. Bc4 Be7 4. 0-0 Nf6 5. Re1 d6 6. h3 0-0 7. c3 h6 8. d4 Re8 9. d5 Nb8 10. Bd3 c6 11. c4 a5 12. Be3 Bd7 13. Nc3 Na6 14. a3 Nc7 15. Rc1 Rb8 16. Qe2 b6 17. b4 axb4 18. axb4 c5 19. b5 Qc8 20. Ra1 Ra8 21. Rxa8 Qxa8 22. Qb2 Qb7 23. Ra1 Ra8 24. Rxa8+ Qxa8 25. Qa2 Qxa2 26. Nxa2 Nce8 27. Nc3 Bc8 28. Na4 Bd8 29. Nh2 g5 30. g4 Nh7 31. f3 Kg7 32. Nf1 Kg6 33. Ng3 Nhf6 34. Kg2 Bc7 35. Bd2 Nh7 36. Be3 Nf8 37. Bd2 f6 38. Be3 Kh7 39. Bd2 Ng6 40. Kf2 Nf4 41. Bxf4 gxf4 42. Ne2 Kg6 43. Ng1 Kg5 44. Be2 Ng7 45. Nb2 h5 46. Na4 Ne8 1/2-1/2

[Event "GER-chT School WK H+R"]
[Site "Playchess.com INT"]
[Date "2020.06.10"]
[Round "3.1"]
[White "Heel, Lorenzo"]
[Black "Gewondow, Narek"]
[Result "1-0"]
[WhiteElo "1768"]
[BlackElo "1692"]
[PlyCount "171"]
[EventDate "2020.06.10"]
[EventType "team-swiss (blitz)"]
[EventRounds "7"]
[EventCountry "GER"]
[SourceTitle "EXT 2021"]
[Source "ChessBase"]
[SourceDate "2020.10.23"]
[SourceVersion "1"]
[SourceVersionDate "2020.10.23"]
[SourceQuality "1"]
[WhiteTeam "Pfullingen Hauff Realschule"]
[BlackTeam "Fuerth HBS"]
[WhiteTeamCountry "GER"]
[BlackTeamCountry "GER"]

1. e4 c6 2. d4 d5 3. exd5 cxd5 4. Bd3 Nc6 5. c3 Nf6 6. Bf4 Bg4 7. Qb3 Qd7 8. Nd2 e6 9. Ngf3 Be7 10. 0-0 0-0 11. Rfe1 Rfe8 12. h3 Bh5 13. Ne5 Qc8 14. Ndf3 Bxf3 15. Nxf3 a6 16. Ne5 Nxe5 17. dxe5 Nd7 18. Qc2 h6 19. Rad1 Nc5 20. Bf1 Ne4 21. Bd3 Nc5 22. Be2 Ne4 23. Bf3 Ng5 24. Bg4 Qc7 25. h4 Ne4 26. g3 Bc5 27. Re2 Qb6 28. Bf3 Rad8 29. Bxe4 dxe4 30. Rxd8 Rxd8 31. Qxe4 Rd1+ 32. Kg2 Qc6 33. Qxc6 bxc6 34. Kf3 Kf8 35. Be3 Bxe3 36. Kxe3 Ra1 37. a3 Rd1 38. Rd2 Rxd2 39. Kxd2 Ke7 40. Kd3 f6 41. exf6+ gxf6 42. Kc4 Kd6 43. b4 e5 44. a4 f5 45. b5 a5 46. b6 h5 47. f3 f4 48. gxf4 exf4 49. Kd4 c5+ 50. Ke4 Kc6 51. Kxf4 Kxb6 52. Kg5 Kc6 53. Kxh5 Kd5 54. f4 Kc4 55. f5 Kxc3 56. f6 Kb2 57. f7 c4 58. f8Q c3 59. Qf6 Kb3 60. Kg6 c2 61. Qb6+ Kxa4 62. Qc5 Kb3 63. Qb5+ Kc3 64. Qxa5+ Kb2 65. Qb4+ Ka1 66. Qc3+ Kb1 67. Qxc2+ Kxc2 68. h5 Kd3 69. h6 Ke4 70. h7 Ke5 71. h8Q+ Kd5 72. Qf6 Ke4 73. Qf5+ Kd4 74. Kf6 Ke3 75. Qg4 Kd3 76. Qf4 Kc3 77. Qe4 Kb3 78. Qd4 Ka3 79. Qc4 Kb2 80. Qd3 Ka2 81. Qc3 Kb1 82. Qd2 Ka1 83. Ke5 Kb1 84. Kd4 Ka1 85. Kc3 Kb1 86. Qb2# 1-0